000
00332nam a2200133Ia 4500
008
240624s9999 xx 000 0 und d
041
_a
eng
082
_a
332.1 KUM
100
_a
KUMAR V V RAVI
245
_a
NEW TRENDS IN BANKING
260
_c
2006
_a
Hyderabad
_b
ICFAI press
300
_a
xii, : 209 : p. : cm. ; 23
365
_c
RS
_b
50
999
_c
6636
_d
6636